La humanizacion del proceso penal : (Registro nro. 49680)

Detalles MARC
000 -LEADER
fixed length control field 01135nam a2200277 4500
001 - CONTROL NUMBER
control field 0000015906
003 - CONTROL NUMBER IDENTIFIER
control field CO-CtgCURN
005 - DATE AND TIME OF LATEST TRANSACTION
control field 20260203192609.0
008 - FIXED-LENGTH DATA ELEMENTS--GENERAL INFORMATION
fixed length control field 160627s2003 000 0 eng d
020 ## - INTERNATIONAL STANDARD BOOK NUMBER
International Standard Book Number 9586533603
040 ## - CATALOGING SOURCE
Original cataloging agency CO-CtgCURN
Language of cataloging spa
Transcribing agency coctgcurn
082 0# - DEWEY DECIMAL CLASSIFICATION NUMBER
Classification number 343.05
Item number S15h
100 1# - MAIN ENTRY--PERSONAL NAME
Personal name Sampedro Arrubla, Julio Andres.
245 13 - TITLE STATEMENT
Title La humanizacion del proceso penal :
Remainder of title una propuesta desde la victimología /
Statement of responsibility, etc. Julio Andres Sampedro Arrubla.
260 ## - PUBLICATION, DISTRIBUTION, ETC.
Place of publication, distribution, etc. Bogotá :
Name of publisher, distributor, etc. Legis,
Date of publication, distribution, etc. 2003.
300 ## - PHYSICAL DESCRIPTION
Extent xiii, 333 p.
336 ## - CONTENT TYPE
Source rdacontent
337 ## - MEDIA TYPE
Source rdamedia
Media type term sin mediacion
Media type code n
338 ## - CARRIER TYPE
Source rdacarrier
Carrier type term volumen
Carrier type code nc
490 1# - SERIES STATEMENT
Series statement Serie lex nova
505 8# - FORMATTED CONTENTS NOTE
Formatted contents note La memoria de las victimas : un instrumento en la superacion de la barbarie.--El papel de las victimas del delito en el proceso penal.--Hacia una nueva dimension del proceso penal.--El proceso penal desde y hacia las victimas.--Selección de documentos
650 #0 - SUBJECT ADDED ENTRY--TOPICAL TERM
Topical term or geographic name entry element Administración de justicia
Geographic subdivision Colombia.
908 ## - PUT COMMAND PARAMETER (RLIN)
Put command parameter 160627
942 ## - ADDED ENTRY ELEMENTS (KOHA)
Koha item type Libros
Classification part 345.05
Item part S15h
Source of classification or shelving scheme Dewey Decimal Classification
Existencias
Withdrawn status Lost status Source of classification or shelving scheme Damaged status Not for loan Home library Current library Shelving location Date acquired Total checkouts Full call number Barcode Date last seen Price effective from Koha item type
    Dewey Decimal Classification     Miguel Henríquez Castañeda Miguel Henríquez Castañeda General 03/04/2019   343.05 S15h 004446 03/04/2019 03/04/2019 Libros